Detection of spray deposits using fluorescent tracers (Record no. 21240)

MARC details
000 -LEADER
fixed length control field 00350nam a2200121Ia 4500
082 ## - DEWEY DECIMAL CLASSIFICATION NUMBER
Classification number 632,981.1:535.37
Item number SHA
100 ## - MAIN ENTRY--AUTHOR NAME
Personal name SHARP, R B
245 #0 - TITLE STATEMENT
Title Detection of spray deposits using fluorescent tracers
260 ## - PUBLICATION, DISTRIBUTION, ETC. (IMPRINT)
Place of publication WestPark
Name of publisher National inst of Agr Engg
650 ## - SUBJECT ADDED ENTRY--TOPICAL TERM
Topical Term Fluorescent tracers
942 ## - ADDED ENTRY ELEMENTS (KOHA)
Koha item type Books
Holdings
Withdrawn status Lost status Damaged status Not for loan Home library Current library Date acquired Full call number Accession Number Koha item type
        RRII Library RRII Library 16/12/2021 632,981.1:535.37 SHA 01960 Books